000 00566nam a2200181 a 4500
001 BRCA_1700
005 20190320203520.0
008 020626s2001 mx-a---##b---#000-0#spa-#
020 _a9686815201
040 _aDLC
_cDLC
_dDLC
050 4 _aF1386.3
_b.H57 2001
245 1 0 _aHistoria de la Ciudad de México en los fines de siglo (XV-XX)
_c[compilador Manuel Ramos Medina].
260 _a[México]
_bGrupo Carso
_c[2001]
300 _a336 p.
_bil. a color, mapas
_c33 cm.
651 4 _aMéxico
_xHistoria
_9614
700 1 _aRamos Medina, Manuel
_95314
942 _2lcc
_cB
999 _c1491
_d1491